Juristische Enzyklopèadie / (Record no. 103782)

MARC details
000 -LEADER
campo de control de longitud fija 00498nam a2200181 i 4500
001 - NÚMERO DE CONTROL
campo de control 103782
003 - IDENTIFICADOR DE NÚMERO DE CONTROL
campo de control ES-MaACL
005 - FECHA Y HORA DE LA ÚLTIMA TRANSACCIÓN
campo de control 20230906183438.0
007 - CAMPO FIJO DE DESCRIPCIÓN FÍSICA--INFORMACIÓN GENERAL
campo de control de longitud fija t|
008 - DATOS DE LONGITUD FIJA--INFORMACIÓN GENERAL
campo de control de longitud fija 051118s1913 gw ||||1| ger d
100 1# - ENTRADA PRINCIPAL--NOMBRE DE PERSONA
Nombre de persona Merkel, Adolf.
9 (RLIN) 80556
245 10 - MENCIÓN DEL TÍTULO
Título Juristische Enzyklopèadie /
Mención de responsabilidad, etc. von Adolf Merkel.
250 ## - MENCION DE EDICION
Mención de edición 5 Aufl/ Hrsg. von Rudolf Merkel.
260 ## - PUBLICACIÓN, DISTRIBUCIÓN, ETC.
Lugar de publicación, distribución, etc. Berlin :
Nombre del editor, distribuidor, etc. Guttentag,
Fecha de publicación, distribución, etc. 1913.
300 ## - DESCRIPCIÓN FÍSICA
Extensión 436 p. ;
Dimensiones 19 cm.
700 1# - ENTRADA AGREGADA--NOMBRE PERSONAL
Nombre de persona Merkel, Rudolf.
9 (RLIN) 80558
852 ## - LOCALIZACIÓN
Ubicación ES-MaACL
Número de control de estantería D-2506
Holdings
Estatus retirado Estado de pérdida Estado de daño No para préstamo Biblioteca de origen Biblioteca actual Ubicación en estantería Fecha de adquisición Fuente de adquisición Total de préstamos Signatura topográfica completa Código de barras Visto por última vez Precio de reemplazo Tipo de ítem Koha
        Biblioteca del Ateneo de Madrid Biblioteca del Ateneo de Madrid Sala Valle Inclán 17/01/2008     D-2506 901108354 23/02/2023 23/02/2023 Libro impreso